Statistiques concernant Composition de l'équipe ultime de Inazuma Eleven Go : Chrono Stones

Cliquez ici pour prendre le quiz!

Statistiques générales

  • Ce quiz a été pris 804 fois
  • Le résultat moyen est 15 sur 22

Statistiques - réponses

Réponse% Correct
Arion
98%
Victor
95%
Gabriel
92%
Jean-Pierre
92%
Zanark
85%
Riccardo
83%
Sol
81%
Goldie
80%
Ryoma
76%
Roi Arthur
75%
Jeanne d'arc
73%
Fey
72%
Sor
72%
Ouragan Zeta
56%
Big
54%
Liu Bei
53%
Ryoma Sakamoto
49%
Nobunaga Oda
47%
Reine des Dragons
42%
Soji Okita
40%
Zhuge Liang
40%
Tochan
3%

Distribution des résultats

Percentile par nombre de réponses

% des personnes avec chaque résultat

Votre développement - résultats

Vous n’avez pas pris ce quiz